000 00850nas a2200253 4500
001 BR9501905
003 BR-BrBNA
005 20231205094311.0
007 ta
008 230509b bl.|||p| |||| 00| 00por d
040 _aBR-BrBNA
_bpor
_cBiblioteca Nacional de Agricultura
041 _a(Pt)
072 _aL70
100 1 _aNatalini, C.C.
100 1 _aBreitsameter, I.
245 1 _aEstudo comparativo entre a detomidina e a xilazina como medicacao pre-anestesica em caninos anestesiados com a associacao tiletamina-zolazepam
650 _aCao
650 _aAnestesia
650 _aCirurgia
650 _aVeterinaria
773 0 _tArquivos da Faculdade de Veterinaria da Universidade do Rio Grande do Sul (Brazil)
_xISSN 01101-5230
_g(1991), v. 19 p. 61-65
_wBR9501905
909 _a202311
_bLúcia
_c55
_dLúcia Elande
942 _2AGRIS
_n0
_cANA
999 _c143422
_d143422